000 00305nam a2200121Ia 4500
008 220216s9999 xx 000 0 und d
100 _aJames G W
245 0 _aProblems in the manufacture of rubber goods
260 _bIRI Transactions
_c1932
300 _a189-203
650 _aRubber goods
942 _cJS
999 _c65725
_d65725